| 000 | 00800nam a2200229 a 4500 | ||
|---|---|---|---|
| 005 | 20200104041507.0 | ||
| 008 | 140114b1995 XXK||||| |||| 00| 0 ENG d | ||
| 040 |
_aCO-BoIAVH _cCO-BoIAVH |
||
| 041 | _aeng | ||
| 090 |
_aLB _b00123 |
||
| 100 |
_aKerr, Suzi _93931 |
||
| 245 |
_aMarkets versus international funds for implementing international environmental agreements _bozone depletion and the Montreal Protocol |
||
| 260 |
_aCambridge _bCenter for International Affairs _c1995 |
||
| 300 | _a51 p. | ||
| 650 |
_aConvenios internacionales _93879 |
||
| 650 |
_aDegradación de la capa de ozono _93932 |
||
| 650 |
_aConservación de biodiversidad _9345 |
||
| 650 |
_aProtocolo de Montreal _93933 |
||
| 650 |
_aDerechos de propiedad _93934 |
||
| 650 |
_aMonitoreo ambiental _942936 |
||
| 942 |
_cINFORME _2z |
||
| 999 |
_c143 _d143 |
||